| 000 | 00481cam a2200193ua 4500 | ||
|---|---|---|---|
| 001 | 132 | ||
| 008 | 110321n ii |||gr||||Z||||||eng | ||
| 020 | _a81-7884-027-8 | ||
| 040 | _cMAIN | ||
| 082 | _a005 | ||
| 245 |
_aExploring frontpage 2002. _cBy Ragahav Bahl. |
||
| 250 | _a1st. | ||
| 260 |
_aDelhi.: _bCyber tech., _c2002. |
||
| 300 |
_a160 p.: _bill.; _c22 cm. |
||
| 653 | _aComputer science. | ||
| 653 | _aExploring frontpage 2002. | ||
| 700 | 0 | _aBahl, Ragahav., | |
| 942 | _cBK | ||
| 999 |
_c120 _d120 |
||